000
00293nam a2200109Ia 4500
008
220216s9999 xx 000 0 und d
100
_a
Nair V K B
245
0
_a
Performance of some RRIM clones in India
260
_b
Placrosym IV, Mysore, 1981
_c
1981
700
_a
Marattukalam J G
942
_c
JS
999
_c
64791
_d
64791